000 00378nam a2200145Ia 4500
008 231129s1999||||xx |||||||||||||| ||spa||
020 _a958-04-4864-7
040 _bspa
082 _a305.4 F851p
100 _aFrechette Barbara
245 0 _aEl poder compartido
260 _c1999
264 _aGrupo Editorial Norma
942 _2ddc
_cBKS
999 _c12101
_d12101